| 000 | 00704 a2200229 4500 | ||
|---|---|---|---|
| 003 | OSt | ||
| 005 | 20180116192332.0 | ||
| 008 | 120301t xxu||||| |||| 00| 0 eng d | ||
| 010 | _a 77072910 | ||
| 020 | _a0816608083 | ||
| 040 | _c0 | ||
| 082 | 0 | 0 | _a114 |
| 100 | 1 |
_aTuan, Yi-fu, _9542 |
|
| 245 | 1 | 0 |
_aSpace and place : _bthe perspective of experience / _cYi-Fu Tuan. |
| 260 |
_aMinneapolis : _bUniversity of Minnesota Press, _cc1977. |
||
| 300 |
_avi, 235 p. : _bill. ; _c24 cm. |
||
| 500 | _aIncludes index. | ||
| 650 | 0 |
_aGeographical perception. _9543 |
|
| 650 | 0 |
_aSpace perception _9544 |
|
| 942 |
_aSADA _cBK _k114 TUA 1977 _2ddc |
||
| 999 |
_c352357 _d352357 |
||